<?xml version="1.0" encoding="UTF-8"?>
<record
    xmlns:xsi="http://www.w3.org/2001/XMLSchema-instance"
    xsi:schemaLocation="http://www.loc.gov/MARC21/slim http://www.loc.gov/standards/marcxml/schema/MARC21slim.xsd"
    xmlns="http://www.loc.gov/MARC21/slim">

  <leader>01064nam a22002537a 4500</leader>
  <controlfield tag="005">20170124103101.0</controlfield>
  <datafield tag="010" ind1=" " ind2=" ">
    <subfield code="a">B-075854</subfield>
  </datafield>
  <datafield tag="020" ind1=" " ind2=" ">
    <subfield code="c">225.00</subfield>
    <subfield code="a">8188189014</subfield>
  </datafield>
  <datafield tag="035" ind1=" " ind2=" ">
    <subfield code="a">B-075854</subfield>
  </datafield>
  <datafield tag="037" ind1=" " ind2=" ">
    <subfield code="b">Cen Lib/Ret</subfield>
  </datafield>
  <datafield tag="040" ind1=" " ind2=" ">
    <subfield code="a">DPL</subfield>
    <subfield code="b">HN</subfield>
  </datafield>
  <datafield tag="082" ind1=" " ind2=" ">
    <subfield code="a">&#x915; </subfield>
    <subfield code="b">&#x921;&#x94B;&#x92D;&#x93E;&#x932; </subfield>
  </datafield>
  <datafield tag="100" ind1=" " ind2=" ">
    <subfield code="a">&#x921;&#x94B;&#x92D;&#x93E;&#x932;, &#x92C;&#x932;&#x94D;&#x932;&#x92D; </subfield>
    <subfield code="9">76942</subfield>
  </datafield>
  <datafield tag="245" ind1=" " ind2=" ">
    <subfield code="a">&#x935;&#x939;&#x940; &#x90F;&#x915; &#x905;&#x902;&#x924; : &#x915;&#x939;&#x93E;&#x928;&#x940; &#x938;&#x902;&#x917;&#x94D;&#x930;&#x939; /</subfield>
    <subfield code="c">&#x92C;&#x932;&#x94D;&#x932;&#x92D; &#x921;&#x94B;&#x92D;&#x93E;&#x932; </subfield>
  </datafield>
  <datafield tag="246" ind1=" " ind2=" ">
    <subfield code="a">Vahi ek Dobhal : kahani sangarh /</subfield>
    <subfield code="b">by Ballabh Dobhal</subfield>
  </datafield>
  <datafield tag="260" ind1=" " ind2=" ">
    <subfield code="a">&#x928;&#x92F;&#x940; &#x926;&#x93F;&#x932;&#x94D;&#x932;&#x940; </subfield>
    <subfield code="b">&#x938;&#x924;&#x94D;&#x938;&#x93E;&#x939;&#x93F;&#x924;&#x94D;&#x92F; &#x92D;&#x902;&#x921;&#x93E;&#x930; </subfield>
    <subfield code="c">2002</subfield>
  </datafield>
  <datafield tag="270" ind1=" " ind2=" ">
    <subfield code="a">&#x96B;&#x96D; &#x92C;&#x940;, &#x92A;&#x949;&#x915;&#x947;&#x91F; &#x90F;, &#x92B;&#x947;&#x91C;-2, &#x905;&#x936;&#x94B;&#x915; &#x935;&#x93F;&#x939;&#x93E;&#x930; </subfield>
    <subfield code="b">&#x928;&#x92F;&#x940; &#x926;&#x93F;&#x932;&#x94D;&#x932;&#x940; </subfield>
    <subfield code="e">110052</subfield>
  </datafield>
  <datafield tag="300" ind1=" " ind2=" ">
    <subfield code="a">212&#x92A;&#x943;. </subfield>
    <subfield code="c">19&#x938;&#x947;&#x92E;&#x940; (&#x938;&#x91C;&#x93F;&#x932;&#x94D;&#x926;)</subfield>
  </datafield>
  <datafield tag="650" ind1=" " ind2=" ">
    <subfield code="a"> &#x938;&#x93E;&#x939;&#x93F;&#x924;&#x94D;&#x92F;--&#x915;&#x925;&#x93E; </subfield>
    <subfield code="9">42948</subfield>
  </datafield>
  <datafield tag="650" ind1=" " ind2=" ">
    <subfield code="a">&#x939;&#x93F;&#x902;&#x926;&#x940;--&#x915;&#x939;&#x93E;&#x928;&#x93F;&#x92F;&#x93E;&#x902; </subfield>
    <subfield code="9">2082</subfield>
  </datafield>
  <datafield tag="650" ind1=" " ind2=" ">
    <subfield code="a"> Literature--Fiction</subfield>
    <subfield code="9">76943</subfield>
  </datafield>
  <datafield tag="650" ind1=" " ind2=" ">
    <subfield code="a">Hindi-- stories </subfield>
    <subfield code="9">76944</subfield>
  </datafield>
  <datafield tag="942" ind1=" " ind2=" ">
    <subfield code="2">ddc</subfield>
    <subfield code="c">HN</subfield>
    <subfield code="h">&#x915; </subfield>
    <subfield code="m">&#x921;&#x94B;&#x92D;&#x93E;&#x932; </subfield>
  </datafield>
  <datafield tag="999" ind1=" " ind2=" ">
    <subfield code="c">117811</subfield>
    <subfield code="d">117811</subfield>
  </datafield>
  <datafield tag="952" ind1=" " ind2=" ">
    <subfield code="0">0</subfield>
    <subfield code="1">0</subfield>
    <subfield code="4">0</subfield>
    <subfield code="7">0</subfield>
    <subfield code="a">L</subfield>
    <subfield code="b">L</subfield>
    <subfield code="d">2015-09-08</subfield>
    <subfield code="e">Cen Lib/Ref</subfield>
    <subfield code="g">225.00</subfield>
    <subfield code="l">0</subfield>
    <subfield code="o">&#x915;  &#x921;&#x94B;&#x92D;&#x93E;&#x932;</subfield>
    <subfield code="p">B-075854</subfield>
    <subfield code="r">2015-09-08 00:00:00</subfield>
    <subfield code="t">1</subfield>
    <subfield code="v">225.00</subfield>
    <subfield code="w">2015-09-08</subfield>
    <subfield code="y">HN</subfield>
  </datafield>
</record>
